000 01173nam a2200229 4500
005 20250421125130.0
008 250421b |||||||| |||| 00| 0 eng d
020 _a9783662689226
037 _cTextual
040 _aRTL
_cRTL
084 _aX:(B28) R4
_qRTL
100 _aHenze, Norbert
_9752579
245 _aAsymptotic stochastics: An introduction with a view towards statistics
260 _aBerlin
_bSpringer
_c2024
300 _axix, 467 p. : ill.
_bIncludes bibliographical references and index
490 _aMathematics study resources
_vVol. 10
520 _aThis textbook, which is based on the second edition of a book that has been previously published in German language, provides a comprehension-oriented introduction to asymptotic stochastics. It is aimed at the beginning of a master's degree course in mathematics and covers the material that can be taught in a four-hour lecture with two-hour exercises. Individual chapters are also suitable for seminars at the end of a bachelor's degree course.
650 _aMathematics
_9752580
650 _aStatistics
_9752581
650 _aStochastics
_9752582
942 _2CC
_n0
_cTB
_hX:(B28) R4
999 _c1309249
_d1309249